000 00418nab a2200145Ia 4500
003 ES-SlBCS
005 20210601131734.0
008 140529s1952 xxu||||| |||| 00| 0 fre d
041 _afre
100 1 _aBesnard, Joseph
_9188449
245 0 0 _aLes élections sénatoriales
_c Joseph Besnard
650 0 4 _aElecciones-Senado
_9188450
773 0 _tVie Intelectuelle (La)
_gnº. 6, 1952, págs. 83-85
_wRev907
942 _cAR
999 _c567954
_d567954